TAO OF WARREN BUFFETT (Record no. 9530)
[ view plain ]
| 000 -LEADER | |
|---|---|
| fixed length control field | 00306nam a2200121Ia 4500 |
| 008 - FIXED-LENGTH DATA ELEMENTS--GENERAL INFORMATION | |
| fixed length control field | 240624s9999 xx 000 0 und d |
| 041 ## - LANGUAGE CODE | |
| Language code of text/sound track or separate title | eng |
| 082 ## - DEWEY DECIMAL CLASSIFICATION NUMBER | |
| Classification number | 333.6092 BUF |
| 100 ## - MAIN ENTRY--PERSONAL NAME | |
| Personal name | BUFFETT MARY |
| 245 ## - TITLE STATEMENT | |
| Title | TAO OF WARREN BUFFETT |
| 260 ## - PUBLICATION, DISTRIBUTION, ETC. | |
| Date of publication, distribution, etc. | 2006 |
| Place of publication, distribution, etc. | New York |
| Name of publisher, distributor, etc. | Scribner |
| 300 ## - PHYSICAL DESCRIPTION | |
| Extent | xiv, : 174 : p. : cm. ; 20 |
| Withdrawn status | Lost status | Damaged status | Not for loan | Home library | Current library | Shelving location | Date acquired | Full call number | Barcode | Date last seen | Price effective from | Koha item type |
|---|---|---|---|---|---|---|---|---|---|---|---|---|
| IMTN | IMTN | Rack 12-B | 09/01/2008 | 333.6092 BUF | 9530 | 06/24/2024 | 06/24/2024 | Books |